Iglesias parroquiales de Segovia. (Record no. 155885)
[ view plain ]
| 000 -LEADER | |
|---|---|
| campo de control de longitud fija | 00708nam a2200193 i 4500 |
| 001 - NÚMERO DE CONTROL | |
| campo de control | 155885 |
| 003 - IDENTIFICADOR DE NÚMERO DE CONTROL | |
| campo de control | ES-MaACL |
| 005 - FECHA Y HORA DE LA ÚLTIMA TRANSACCIÓN | |
| campo de control | 20250715031649.0 |
| 008 - DATOS DE LONGITUD FIJA--INFORMACIÓN GENERAL | |
| campo de control de longitud fija | 931025q18591880sp of |||| | spa d |
| 245 00 - MENCIÓN DEL TÍTULO | |
| Título | Iglesias parroquiales de Segovia. |
| 260 ## - PUBLICACIÓN, DISTRIBUCIÓN, ETC. | |
| Lugar de publicación, distribución, etc. | [Madrid : |
| Nombre del editor, distribuidor, etc. | José Gil Dorregaray, |
| Fecha de publicación, distribución, etc. | s.a.] ( |
| Fabricante | Imp. de Fortanet y Calcografia nacional) |
| 300 ## - DESCRIPCIÓN FÍSICA | |
| Extensión | 4 p, 14 h. de lám. t [15] h. de lám. : |
| Otras características físicas | il. ; |
| Dimensiones | 70 cm. |
| 490 1# - MENCIÓN DE SERIE | |
| Mención de serie | Monumentos Arquitectónicos de España |
| 650 #4 - PUNTO DE ACCESO ADICIONAL DE MATERIA--TÉRMINO DE MATERIA | |
| Término de materia o nombre geográfico como elemento de entrada | Iglesias- |
| Subdivisión geográfica | Segovia. |
| 9 (RLIN) | 150897 |
| 830 00 - PUNTO DE ACCESO ADICIONAL DE SERIE-TÍTULO UNIFORME | |
| Título uniforme | Monumentos arquitectónicos de España |
| 9 (RLIN) | 187641 |
| 852 ## - LOCALIZACIÓN | |
| Ubicación | ES-MaACL |
| Número de control de estantería | B-6982(7) |
| Nota libre | -- Enc. tela |
| condición física | -- Falto de la port. |
| Estatus retirado | Estado de pérdida | Estado de daño | No para préstamo | Biblioteca de origen | Biblioteca actual | Ubicación en estantería | Fecha de adquisición | Fuente de adquisición | Total de préstamos | Signatura topográfica completa | Código de barras | Visto por última vez | Precio de reemplazo | Tipo de ítem Koha |
|---|---|---|---|---|---|---|---|---|---|---|---|---|---|---|
| Biblioteca del Ateneo de Madrid | Biblioteca del Ateneo de Madrid | Sala Pardo Bazán | 17/01/2008 | B-6982(7) | 1163072 | 23/02/2023 | 23/02/2023 | Libro impreso |
